MARC details
| 000 -CABECERA |
| campo de control de longitud fija |
01988nmm a22004577a 4500 |
| 003 - IDENTIFICADOR DEL NÚMERO DE CONTROL |
| campo de control |
CHAP |
| 005 - FECHA Y HORA DE LA ÚLTIMA TRANSACCIÓN |
| campo de control |
20240604134939.0 |
| 007 - CAMPO FIJO DE DESCRIPCIÓN FÍSICA--INFORMACIÓN GENERAL |
| campo de control de longitud fija |
co ag |||aaaaa |
| 008 - DATOS DE LONGITUD FIJA--INFORMACIÓN GENERAL |
| campo de control de longitud fija |
000412s1998 bl 00010 por d |
| 010 ## - NÚMERO DE CONTROL DE LA BIBLIOTECA DEL CONGRESO |
| Número de control de LC |
80811 |
| 011 ## - ENLACE DEL NUMERO DE CONTROL DE LA BIBLIOTECA DEL CONGRESO [OBSOLETO] |
| Número de control de LC |
81783 |
| 035 ## - NÚMERO DE CONTROL DEL SISTEMA |
| Número de control de sistema |
92263 |
| 040 ## - FUENTE DE LA CATALOGACIÓN |
| Centro/agencia transcriptor |
CHAP |
| 041 ## - CÓDIGO DE LENGUA |
| Código de lengua del texto/banda sonora o título independiente |
por |
| 090 ## - LOCALMENTE ASIGNADO TIPO-LC NÚMERO DE CLASIFICACIÓN (OCLC); NÚMERO DE CLASIFICACIÓN LOCAL (RLIN) |
| Número de clasificación (OCLC) (R) ; Numero de clasificación, CALL (RLIN) (NR) |
CD-6 |
| 110 1# - ENTRADA PRINCIPAL--NOMBRE DE ENTIDAD CORPORATIVA |
| Nombre de entidad corporativa o nombre de jurisdicción como elemento de entrada |
Empresa Brasileira de Pesquisa Agropecuaria |
| 245 10 - MENCIÓN DE TÍTULO |
| Título |
Bases de dados da pesquisa agropecuária (disco compacto) |
| Medio |
[disco compacto] |
| Mención de responsabilidad, etc. |
/por Empresa Brasileira de Pesquisa Agropecuária |
| 264 #1 - PRODUCCIÓN, PUBLICACIÓN, DISTRIBUCIÓN, FABRICACIÓN Y COPYRIGHT |
| Producción, publicación, distribución, fabricación y copyright |
Brasilia : |
| Nombre del de productor, editor, distribuidor, fabricante |
Empresa Brasileira de Pesquisa Agropecuaria, |
| Fecha de producción, publicación, distribución, fabricación o copyright |
1998- |
| 300 ## - DESCRIPCIÓN FÍSICA |
| Extensión |
1 disco compacto (CD): |
| Dimensiones |
4 3/4 pulgadas (12 cm.) |
| 336 ## - TIPO DE CONTENIDO |
| Fuente |
rdacontent |
| Término de tipo de contenido |
programa computadora |
| Código de tipo de contenido |
cop |
| 337 ## - TIPO DE MEDIO |
| Fuente |
rdamedia |
| Nombre/término del tipo de medio |
ordenador |
| Código del tipo de medio |
c |
| 338 ## - TIPO DE SOPORTE |
| Fuente |
rdacarrier |
| Nombre/término del tipo de soporte |
disco de computadora |
| Código del tipo de soporte |
cd |
| 500 ## - NOTA GENERAL |
| Nota general |
La biblioteca tiene: 1997, 1998, 1999 (v.1 y v.2), 2000 (v.1 y v.2) |
| 516 ## - NOTA DE TIPO DE ARCHIVO DE ORDENADOR O DE DATOS |
| Nota de tipo de archivo de ordenador o de datos |
Datos numéricos, programa de computadora |
| 538 ## - NOTA DE DETALLES DEL SISTEMA |
| Nota de detalles del sistema |
Para comenzar a instalar el software, inserte el CD-ROM en el lector de CD y ejecute el comando de instalación. Una vez que se complete el proceso, se creará un grupo SIR con su propio ícono para ejecutar el software. Para iniciar la operación, haga clic en el icono de señor. |
| 546 ## - NOTA DE LENGUA/LENGUAJE |
| Nota de lengua/lenguaje |
Texto en portugués. |
| 590 ## - NOTA LOCAL (RLIN) |
| Nota local |
BATCH-UPD |
| Procedencia (VM) [OBSOLETO] |
10 |
| Condición del los carretes individuales (VM) [OBSOLETO] |
20130110 |
| 590 ## - NOTA LOCAL (RLIN) |
| Nota local |
BATCH-UPD |
| Procedencia (VM) [OBSOLETO] |
10 |
| Condición del los carretes individuales (VM) [OBSOLETO] |
20130410 |
| 590 ## - NOTA LOCAL (RLIN) |
| Nota local |
BATCH-UPD |
| Procedencia (VM) [OBSOLETO] |
10 |
| Condición del los carretes individuales (VM) [OBSOLETO] |
20130913 |
| 590 ## - NOTA LOCAL (RLIN) |
| Nota local |
CONVERSION |
| Procedencia (VM) [OBSOLETO] |
10 |
| Condición del los carretes individuales (VM) [OBSOLETO] |
20130109 |
| 650 14 - PUNTO DE ACCESO ADICIONAL DE MATERIA--TÉRMINO DE MATERIA |
| Término de materia o nombre geográfico como elemento de entrada |
Agricultura |
| Subdivisión general |
Brasil. |
| 9 (RLIN) |
1342 |
| 650 14 - PUNTO DE ACCESO ADICIONAL DE MATERIA--TÉRMINO DE MATERIA |
| Término de materia o nombre geográfico como elemento de entrada |
Agricultura |
| Subdivisión general |
Investigación |
| -- |
Bibliografía. |
| 9 (RLIN) |
1588 |
| 650 14 - PUNTO DE ACCESO ADICIONAL DE MATERIA--TÉRMINO DE MATERIA |
| Término de materia o nombre geográfico como elemento de entrada |
Productos pecuarios |
| Subdivisión general |
Bibliografía. |
| 9 (RLIN) |
92161 |
| 650 14 - PUNTO DE ACCESO ADICIONAL DE MATERIA--TÉRMINO DE MATERIA |
| Término de materia o nombre geográfico como elemento de entrada |
Productos pecuarios |
| Subdivisión general |
Brasil. |
| 9 (RLIN) |
92162 |
| 905 ## - ELEMENTOS DE DATOS E LOCAL, LDE (RLIN) |
| a |
Lilia Sánchez G. |
| 942 ## - ELEMENTOS DE PUNTO DE ACCESO ADICIONAL (KOHA) |
| Tipo de ítem Koha |
CD |
| Fuente del sistema de clasificación o colocación |
Clasificación Universidad Autónoma de Chapingo |
| 949 ## - PROCESAMIENTO DE INFORMACIÓN LOCAL (OCLC) |
| a |
CD-6 (1997) |
| b |
BC |
| c |
CD |
| d |
33724000778460 |
| e |
CD |
| i |
92263 |
| s |
b |
| 949 ## - PROCESAMIENTO DE INFORMACIÓN LOCAL (OCLC) |
| a |
CD-6 (1998) |
| b |
BC |
| c |
CD |
| d |
33724000778452 |
| e |
CD |
| i |
92263 |
| s |
b |
| 949 ## - PROCESAMIENTO DE INFORMACIÓN LOCAL (OCLC) |
| a |
CD-6 (1999 v.1) |
| b |
BC |
| c |
CD |
| d |
33724000772109 |
| e |
CD |
| i |
92263 |
| s |
b |
| 949 ## - PROCESAMIENTO DE INFORMACIÓN LOCAL (OCLC) |
| a |
CD-6 (2000) |
| b |
BC |
| c |
CD |
| d |
33724000786018 |
| e |
CD |
| i |
92263 |
| s |
b |